000 00831nam a2200241 a 4500
001 63360
003 BD-RjUL
005 20211209081205.0
008 170129s1966 bg ||||| |||| 00| 0 ben d
020 _c: TK 4.00
035 _a(BD-RjUL)63489
040 _aBD-RjUL
_bben
_cBD-RjUL
041 _aben
082 _223
_a812
_bONA 1966
100 _aও'নীল, ইউজীন
_9188543
245 1 0 _aঅমারজনীর পথে /
_cইউজীন ও'নীল
260 _aঢাকা :
_bব্রাইট বুক হাউস,
_c১৯৬৬
300 _a২১৮ পৃ. ;
_c২১১ সেমি.
650 _aআমেরিকান নাটক
_9188544
650 _aAmerican Drama
_9188545
700 _aচৌধুরী, কবীর, অনুবাদ
_9188546
942 _2ddc
_cBK
999 _c63360
_d63360